Resucitando a la OMC: acuerdo-marco de Ginebra

Uloženo v:
Podrobná bibliografie
Médium: Text
Tagy: Přidat tag
Žádné tagy, Buďte první, kdo vytvoří štítek k tomuto záznamu!

MARC

LEADER 00000 a a2200000 04500
001 42600
003
040
245 |a Resucitando a la OMC:   |b acuerdo-marco de Ginebra  
773 |g volumen25, número1109 ( , 2004), páginas 9-11  
999 |c 30234  |d 30234